[Event "Open"]
[Site "Bergen NOR"]
[Date "2000.07.26"]
[Round "6"]
[White "Ekeberg,C"]
[Black "Myhrvold,R"]
[Result "0-1"]
[WhiteElo "2066"]
[BlackElo "2253"]

1.c4 e5 2.g3 c6 3.d4 exd4 4.Qxd4 d5 5.cxd5 cxd5 6.Bg2 Be6 7.Nf3 Nc6 8.Qa4 Nf6
9.O-O Bc5 10.Bg5 h6 11.Bxf6 Qxf6 12.Nc3 O-O 13.Rad1 Rfd8 14.Ne1 Bd4 15.Qa3 Rac8
16.Nd3 Bxc3 17.bxc3 d4 18.cxd4 Nxd4 19.Nf4 Bc4 20.Qxa7 g5 21.Nh5 Qd6 22.Rb1 Bxe2
23.Rb6 Rc6 24.Bxc6 bxc6 25.Rfb1 Bxh5 26.Rb8 Kg7 27.Rxd8 Qxd8 28.Qc5 Ne2+
29.Kg2 Qd3 30.Qe5+ Kh7 31.Re1 Qf3+  0-1

[Event "Open"]
[Site "Bergen NOR"]
[Date "2000.07.28"]
[Round "8"]
[White "Ekeberg,C"]
[Black "Brekken,E"]
[Result "1-0"]
[WhiteElo "2066"]
[BlackElo "2222"]

1.c4 e5 2.g3 Nc6 3.Bg2 g6 4.Nc3 Bg7 5.e4 d6 6.Nge2 f5 7.d3 Nf6 8.O-O fxe4
9.dxe4 Bg4 10.f3 Be6 11.Nd5 O-O 12.Be3 Ne7 13.Qd2 c6 14.Nxe7+ Qxe7 15.Rac1 Rfd8
16.Qb4 Qf7 17.f4 a5 18.Qa4 exf4 19.Nxf4 Bd7 20.Qc2 g5 21.Nd3 Qh5 22.Nf2 Be6
23.Rfd1 Ng4 24.Nxg4 Bxg4 25.Rf1 a4 26.Qd2 h6 27.Bd4 Qg6 28.Rf2 Rf8 29.Rcf1 Rxf2
30.Rxf2 a3 31.bxa3 Rf8 32.Rxf8+ Kxf8 33.Bxg7+ Kxg7 34.Qd4+ Qf6 35.e5 Qe6
36.exd6+ Kf7 37.h3 Bf5 38.Kh2 Ke8 39.c5 Bg6 40.Qg7 Qf7 41.Qh8+ Kd7 42.Qxh6 Qf6
43.h4 gxh4 44.Qxh4 Qxh4+ 45.gxh4  1-0

[Event "World Open"]
[Site "Philadelphia USA"]
[Date "2000.07.28"]
[Round "1"]
[White "Mulyar,M"]
[Black "Grechikhin,V"]
[Result "1-0"]
[WhiteElo "2445"]
[BlackElo "2170"]

1.c4 e5 2.g3 Nf6 3.Bg2 d5 4.cxd5 Nxd5 5.Nc3 Nb6 6.Nf3 Nc6 7.O-O Be7 8.Rb1 g5
9.d3 h5 10.b3 Be6 11.Bb2 Qd7 12.d4 exd4 13.Nb5 O-O-O 14.Nfxd4 Nxd4 15.Nxd4 Bh3
16.Qc2 Bxg2 17.Kxg2 Rhe8 18.e4 Bf6 19.Rfd1 Bxd4 20.Rxd4 Qe6 21.Rc1 c6 22.Rcd1 Rxd4
23.Rxd4 h4 24.Qc5 hxg3 25.hxg3 g4 26.Bc1 Qe5 27.Qxe5 Rxe5 28.Bf4 Re6 29.Rd6 Nd7
30.f3 gxf3+ 31.Kxf3 Rf6 32.Ke2 Re6 33.Kf3 Rf6 34.Kg4 Re6 35.Rd2 Nc5 36.Rd4 Nd7
37.Rd6 Nc5 38.Rd4 Nd7 39.Rd1 Nc5  1-0

[Event "World Open"]
[Site "Philadelphia USA"]
[Date "2000.07.28"]
[Round "1"]
[White "Mulyar,M"]
[Black "Grechikhin,V"]
[Result "1-0"]
[WhiteElo "2445"]
[BlackElo "2170"]

1.c4 e5 2.g3 Nf6 3.Bg2 d5 4.cxd5 Nxd5 5.Nc3 Nb6 6.Nf3 Nc6 7.O-O Be7 8.Rb1 g5
9.d3 h5 10.b3 Be6 11.Bb2 Qd7 12.d4 exd4 13.Nb5 O-O-O 14.Nfxd4 Nxd4 15.Nxd4 Bh3
16.Qc2 Bxg2 17.Kxg2 Rhe8 18.b4 Bf6 19.Rfd1 Bxd4 20.Rxd4 Qe6 21.Rc1 c6 22.Rcd1 Rxd4
23.Rxd4 h4 24.Qc5 hxg3 25.hxg3 g4 26.Rf4 Qe5 27.Qxe5 Rxe5  1-0

[Event "Eikrem mem"]
[Site "Gausdal NOR"]
[Date "2000.08.03"]
[Round "6"]
[White "Davies,N"]
[Black "Yakovich,Y"]
[Result "1/2-1/2"]
[WhiteElo "2486"]
[BlackElo "2585"]

1.c4 e5 2.g3 Nf6 3.Bg2 d5 4.cxd5 Nxd5 5.Nf3 Nc6 6.O-O Nb6 7.b3 Be7 8.Bb2 f6
9.d3 O-O 10.Nbd2 Be6 11.a3 a5 12.Qc2 Qd7 13.e3 Rfd8 14.d4 exd4 15.Bxd4 Nxd4
16.Nxd4 Bd5 17.Nc4 Bxg2 18.Nxb6 cxb6 19.Kxg2 Qd5+  1/2-1/2

[Event "Valoz Cup"]
[Site "Olomouc CZE"]
[Date "2000.08.05"]
[Round "5"]
[White "Koerholz,L"]
[Black "Kjartansson,G"]
[Result "1-0"]
[WhiteElo "2383"]
[BlackElo "2248"]

1.c4 e5 2.g3 g6 3.Nc3 Nc6 4.Bg2 Bg7 5.e3 Nge7 6.Nge2 d6 7.Rb1 a5 8.a3 Be6
9.Nd5 Qd7 10.b4 axb4 11.axb4 O-O 12.O-O Nd8 13.Bb2 Nxd5 14.cxd5 Bh3 15.Qc2 Bxg2
16.Kxg2 c6 17.Nc3 f5 18.f4 Nf7 19.Qb3 Rfc8 20.Ra1 Qd8 21.e4 fxe4 22.fxe5 Rxa1
23.Bxa1 dxe5 24.dxc6 Qxd2+ 25.Rf2  1-0

[Event "TCh-ESP"]
[Site "Barcelona ESP"]
[Date "2000.08.07"]
[Round "3"]
[White "Matamoros Franco,C"]
[Black "Mateu Palau,E"]
[Result "1/2-1/2"]
[WhiteElo "2467"]
[BlackElo "2191"]

1.c4 e5 2.g3 Nc6 3.Bg2 d6 4.Nc3 Be6 5.d3 Qd7 6.Rb1 g6 7.b4 Bg7 8.b5 Nd8 9.a4 a5
10.Nd5 Ne7 11.Bg5 Bxd5 12.cxd5 b6 13.Bd2 Nb7 14.Qc2 O-O 15.Nf3 Nc5 16.Qc4 Nf5
17.O-O Rae8 18.e3 Re7 19.Ng5 Kh8 20.Bc3 Rfe8 21.Rbd1 h6 22.Ne4 h5 23.Nd2 Nh6
24.d4 Nb7 25.dxe5 dxe5 26.Qa2 Nc5 27.Nb3 Nxb3 28.Qxb3 e4 29.Bxg7+ Kxg7 30.Rc1 Ng4
31.Bh3 Qf5 32.Rc6 Rd8 33.Bxg4 hxg4 34.Rd1 Rh8 35.Qc3+ Kg8 36.d6 Rxh2 37.Kxh2 Qxf2+
38.Kh1 Qf3+ 39.Kh2 Qf2+ 40.Kh1 Qf3+ 41.Kh2  1/2-1/2

[Event "TCh-ESP"]
[Site "Barcelona ESP"]
[Date "2000.08.07"]
[Round "3"]
[White "Vidarte Morales,A"]
[Black "Rodriguez Garcia,M"]
[Result "1-0"]
[WhiteElo "2380"]
[BlackElo "2204"]

1.c4 e5 2.g3 Nf6 3.Nc3 d5 4.cxd5 Nxd5 5.Nf3 Nc6 6.Bg2 Nb6 7.O-O Be7 8.a3 O-O
9.b4 Be6 10.Rb1 a6 11.d3 f5 12.Bb2 Bf6 13.Nd2 Qe8 14.Nb3 Rd8 15.Nc5 Bc8 16.b5 Nd4
17.Nxb7 Bxb7 18.Bxb7 axb5 19.Ba1 e4 20.Nxb5 Nxb5 21.Qb3+ Kh8 22.Qxb5 Bxa1
23.Qxe8 Rfxe8 24.Rxa1 exd3 25.exd3 Rxd3 26.a4 Rb8 27.Bc6 Rd6 28.Rfc1 Kg8
29.a5 Nc8 30.Bg2 Rd7 31.Rc5 Nd6 32.a6 Ne4 33.a7  1-0

[Event "TCh-ESP"]
[Site "Barcelona ESP"]
[Date "2000.08.09"]
[Round "5"]
[White "Marin,M"]
[Black "Hamdouchi,H"]
[Result "1/2-1/2"]
[WhiteElo "2557"]
[BlackElo "2541"]

1.c4 e5 2.g3 Nc6 3.Bg2 f5 4.e3 Nf6 5.d4 Bb4+ 6.Bd2 Bxd2+ 7.Qxd2 d6 8.Nc3 O-O
9.Nge2 Rb8 10.O-O a6 11.Rac1 Kh8 12.dxe5 Nxe5 13.b3 Ne4 14.Qc2 Nxc3 15.Qxc3 Bd7
16.Nf4 Qe8 17.Rfd1 Bc6 18.Nd5 Qh5  1/2-1/2

[Event "Open"]
[Site "Chania GRE"]
[Date "2000.08.09"]
[Round "8"]
[White "Goritsas,C"]
[Black "Papadopoulou,T"]
[Result "1-0"]
[WhiteElo "2206"]
[BlackElo "2146"]

1.c4 e5 2.g3 g6 3.Bg2 Bg7 4.Nc3 Nc6 5.e4 d6 6.Nge2 h5 7.h4 Be6 8.d3 Qd7 9.Nd5 Nce7
10.d4 c6 11.Nxe7 Qxe7 12.d5 cxd5 13.cxd5 Bg4 14.f3 Bd7 15.Be3 Nf6 16.Qb3 O-O
17.Rc1 b6 18.Qa3 Rfb8 19.Rc7 Qd8 20.Rc2 Rc8 21.Rxc8 Qxc8 22.O-O Bb5 23.Rc1 Qa6
24.Qxa6 Bxa6 25.Kf2 Rc8 26.Rxc8+ Bxc8 27.Nc3 Ba6 28.Bf1 Bxf1 29.Kxf1 Ne8
30.Nb5 a6 31.Na7 f5 32.Ke2 b5 33.b3 Bf6 34.Nc6 f4 35.gxf4 exf4 36.Bxf4 Bxh4
37.Nb4 a5 38.Nc6 a4 39.Nd4 axb3 40.axb3 g5 41.Bh2 g4 42.fxg4 hxg4 43.Nf5 g3
44.Nxg3 Bxg3 45.Bxg3 Kf7 46.Kd3 Ke7 47.e5 Kd7 48.e6+ Kc7 49.Bh4 Ng7 50.Ke4 Kb6
51.b4 Kc7 52.Kf4 Kc8 53.Kg5 Ne8 54.Kg6 Nc7 55.e7 Kd7 56.Kf7 Ne8 57.Bf2 Nc7
58.Bb6 Ne8 59.Bd8  1-0

[Event "5th Paks Cup GM"]
[Site "Paks HUN"]
[Date "2000.08.22"]
[Round "4"]
[White "Csom,I"]
[Black "Rogic,D"]
[Result "1/2-1/2"]
[WhiteElo "2478"]
[BlackElo "2501"]

1.c4 e5 2.g3 Nf6 3.Bg2 d5 4.cxd5 Nxd5 5.Nc3 Nb6 6.d3 Be7 7.Be3 O-O 8.Rc1 Re8
9.a3 Bf8 10.Nf3 Nc6 11.O-O Bg4 12.Re1 Qd7 13.Ne4 Rad8 14.Nc5 Bxc5 15.Bxc5 Nd5
16.Qa4 Bxf3 17.exf3 Nb6 18.Bxb6 cxb6 19.f4 exf4 20.Rxe8+ Rxe8 21.Qxf4 Qxd3
22.Qc7 Qd2 23.Rf1 Re7 24.Qc8+ Qd8 25.Qxd8+ Nxd8 26.Rc1 Kf8 27.Kf1 Nc6 28.Rc3 Re6
29.b4 Rd6 30.Re3 a5 31.bxa5 Nxa5 32.Bf3 Rd2 33.Rc3 Ke7 34.Ke1 Rd7 35.Be2 Kd6
36.Rd3+ Kc7 37.Rc3+ Nc6 38.Bb5 Rd5 39.Bd3 Rc5 40.Kd2 Ne5 41.Bxh7 Rxc3 42.Kxc3 Ng4
43.Bg8 Nh6 44.Bh7 Ng4 45.Bg8 Nh6 46.Bh7  1/2-1/2

[Event "MSO Ron Banwell mem"]
[Site "London ENG"]
[Date "2000.08.24"]
[Round "5"]
[White "McNab,C"]
[Black "Hodgson,Ju"]
[Result "0-1"]
[WhiteElo "2416"]
[BlackElo "2640"]

1.c4 e5 2.g3 Nf6 3.Bg2 Nc6 4.Nc3 Bc5 5.a3 Bd4 6.Qc2 Bxc3 7.Qxc3 d5 8.b4 O-O
9.Bb2 Re8 10.d3 a5 11.b5 Nd4 12.e3 a4 13.Nf3 Bh3 14.Bxh3 Nxf3+ 15.Ke2 Nd4+
16.Kf1 Nb3 17.Rd1 c6 18.bxc6 bxc6 19.Qc2 d4 20.e4 Rb8 21.Kg2 Nc5 22.Rhe1 Rb3
23.Kg1 h5 24.Qe2 Qa5 25.Bc1 Nxd3 26.Bd2 Qc5 27.Rf1 Qxc4 28.Bg5 Nb2 29.Qxc4 Nxc4
30.Bxf6 gxf6 31.Bd7 Rd8 32.Bxc6 Rxa3 33.Ra1 Rxa1 34.Rxa1 Rc8 35.Bxa4 Ra8
36.Ra2 d3  0-1

[Event "Summer Festival Open"]
[Site "Lisbon POR"]
[Date "2000.08.25"]
[Round "5"]
[White "Stefansson,H"]
[Black "Mitkov,N"]
[Result "1-0"]
[WhiteElo "2557"]
[BlackElo "2532"]

1.c4 e5 2.g3 Nf6 3.Bg2 h6 4.Nf3 e4 5.Nd4 d5 6.d3 dxc4 7.dxe4 Bb4+ 8.Nc3 O-O
9.O-O c6 10.Nc2 Bc5 11.Qxd8 Rxd8 12.Be3 Nbd7 13.Rad1 Re8 14.f4 Bb6 15.e5 Ng4
16.Bxb6 axb6 17.h3 Ngxe5 18.fxe5 Nxe5 19.a3 Kf8 20.Nd4 Be6 21.a4 Ke7 22.Nxe6 Kxe6
23.Rd4 Ra5 24.Rfd1 Ke7 25.b4 cxb3 26.Rb4 Nd7 27.Rxb3 Kd8 28.Rxb6 Kc7 29.Rb4 Nc5
30.Rg4 Re3 31.Rc1 g5 32.Kf2 Re6 33.Rb4 Re5 34.Rcb1 Ra7 35.Bf3 f5 36.Rc4 Ra5
37.g4 f4 38.h4 Kc8 39.hxg5 hxg5 40.Rh1 Kc7 41.Rh7+ Kb6 42.Rb4+ Ka6 43.Ne4 b5
44.axb5+ Rxb5 45.Nxc5+ Rexc5 46.Ra4+ Ra5 47.Rxa5+ Kxa5 48.Rf7 Rc1 49.Rf5+ c5
50.Rxg5 Kb4 51.Rg8 c4 52.g5 c3 53.g6  1-0

[Event "Open"]
[Site "Kiel GER"]
[Date "2000.08.27"]
[Round "9"]
[White "Baekgaard,M"]
[Black "Kopylov,M"]
[Result "0-1"]
[WhiteElo "2170"]
[BlackElo "2431"]

1.c4 e5 2.g3 Nc6 3.Bg2 d6 4.Nc3 Be6 5.Nd5 Qd7 6.d3 Nd8 7.e4 g6 8.Ne2 Bg7
9.O-O c6 10.Ne3 Nf6 11.f4 exf4 12.Nxf4 O-O 13.Rb1 Qe7 14.b4 Bc8 15.Bb2 Ne6
16.Qd2 Re8 17.Nfd5 cxd5 18.Rxf6 Nc7 19.Rbf1 Bxf6 20.Bxf6 Qf8 21.cxd5 h5 22.Nc4 Kh7
23.Qf4 Bg4 24.Nxd6 Be2 25.Nxe8 Nxe8 26.Rf2 Bxd3 27.Bc3 Rc8 28.Qd2 Bc4 29.Qd4 Nd6
30.Qf6 Bd3 31.e5 Ne8 32.Qxf7+ Qxf7 33.Rxf7+ Kg8 34.Rf3 Rxc3 35.Bf1 Nc7 36.Rxd3 Rc2
37.d6 Ne6 38.d7 Nd8 39.e6 Kf8 40.Ra3 a6 41.Re3 Ke7 42.a3 Rd2 43.h4 Rd5 44.Bc4 Rf5
45.Kg2 g5 46.hxg5 Rxg5 47.Kf3 Nc6 48.Re4 Rf5+ 49.Ke3 Rg5 50.Kf2 Nd8 51.Kg2 Nc6
52.Kh3 Nd8 53.Kh4 Rg6 54.Bb3 Nc6 55.Bd5 Nd8 56.Re3 Rf6 57.Kxh5 Rf5+ 58.Kh6 Rxd5
59.g4 Nxe6 60.g5 Rxd7 61.g6 Rd1  0-1

[Event "LVI ch-POR"]
[Site "Barreiro POR"]
[Date "2000.09.07"]
[Round "6"]
[White "Pinheiro,J"]
[Black "Damaso,R"]
[Result "1-0"]
[WhiteElo "2288"]
[BlackElo "2386"]

1.c4 e5 2.g3 d5 3.cxd5 Qxd5 4.Nf3 Bb4 5.Nc3 Bxc3 6.bxc3 e4 7.Nd4 e3 8.f3 c5
9.Nb5 Qc6 10.a4 Nf6 11.dxe3 O-O 12.Qd6 Bd7 13.e4 Qb6 14.e3 Qa5 15.Bd2 Na6
16.c4 Qd8 17.Rd1 Qc8 18.Bc3 Be6 19.Be2 Ne8 20.Qd2 Qc6 21.g4 Nac7 22.O-O h5
23.h3 a6 24.Nxc7 Qxc7 25.e5 b5 26.cxb5 hxg4 27.hxg4 Bb3 28.Ra1 Rd8 29.Qb2 c4
30.bxa6 Nf6 31.Bd4 Rfe8 32.Rfc1 Nd5 33.a7 Nxe3 34.Qxb3 Rxe5 35.Qb6 Qe7 36.Bxe5 Nd5
37.Qb8 Qc5+ 38.Kg2 Ne3+ 39.Kh1 Qe7 40.a8=Q  1-0

[Event "Najdorf Final KO"]
[Site "Buenos Aires ARG"]
[Date "2000.09.10"]
[Round "1.2"]
[White "Giardelli,S"]
[Black "Flores,Di"]
[Result "1-0"]
[WhiteElo "2438"]
[BlackElo "2358"]

1.c4 e5 2.g3 Nc6 3.Bg2 g6 4.Nc3 Bg7 5.Rb1 a5 6.d3 f5 7.e3 Nf6 8.Nge2 O-O
9.O-O d6 10.b3 Be6 11.Nd5 Bf7 12.Qd2 Nxd5 13.cxd5 Ne7 14.e4 c6 15.dxc6 bxc6
16.Ba3 a4 17.b4 Qb6 18.b5 c5 19.Nc3 f4 20.gxf4 exf4 21.Rfd1 g5 22.f3 Ng6
23.Ne2 Ne5 24.Kh1 Ra5 25.Nc3 c4 26.dxc4 Nxc4 27.Qc1 Rc8 28.Nd5 Bxd5 29.Rxd5 h6
30.Rb4 Nxa3 31.Qxc8+ Bf8 32.Rf5  1-0

[Event "chT-POL"]
[Site "Zakopane chT"]
[Date "2000.09.11"]
[Round "9"]
[White "Kosiorek,M"]
[Black "Dziuba,M"]
[Result "1-0"]
[WhiteElo "2378"]
[BlackElo "2392"]

1.c4 e5 2.g3 Nc6 3.Bg2 f5 4.Nc3 Nf6 5.d3 Bb4 6.Bd2 O-O 7.Nf3 Bxc3 8.Bxc3 d6
9.c5 Kh8 10.cxd6 cxd6 11.O-O Be6 12.Qa4 Rb8 13.e4 b5 14.Qd1 fxe4 15.dxe4 b4
16.Bd2 Nxe4 17.Nxe5 Nxe5 18.Bxe4 Bg4 19.f3 Bh3 20.Rf2 Qb6 21.Qe2 Rbe8 22.Be3 Qa5
23.Qd1 Nc4 24.Bd4 Qh5 25.Bxa7 Ne5 26.Bd4 d5 27.Bxd5 Rd8 28.Be4 Rd7 29.Rd2 Rfd8
30.f4 Ng4 31.Bxg7+ Kxg7 32.Rxd7+ Rxd7 33.Qxd7+ Kh8 34.Qd8+ Kg7 35.Qg5+  1-0

[Event "Banc Post Int"]
[Site "Miercurea Ciuc ROM"]
[Date "2000.09.19"]
[Round "4"]
[White "Tikhomirov,S"]
[Black "Ardelean,G"]
[Result "0-1"]
[WhiteElo "2238"]
[BlackElo "2426"]

1.c4 e5 2.g3 Nc6 3.Bg2 g6 4.Nc3 Bg7 5.e3 f5 6.d3 Nf6 7.Nge2 Ne7 8.d4 e4 9.f3 exf3
10.Bxf3 c6 11.Nf4 O-O 12.Bd2 g5 13.Nd3 Ng6 14.Qb3 d6 15.O-O-O Qe7 16.Nf2 Be6
17.Kb1 b5 18.Bxc6 Bxc4 19.Qa3 Rab8 20.b3 Qc7 21.Qa6 Rb6 22.Qa5 Rxc6 23.bxc4 Qxa5  0-1

[Event "Banc Post Int"]
[Site "Miercurea Ciuc ROM"]
[Date "2000.09.21"]
[Round "6"]
[White "Tikhomirov,S"]
[Black "Ljubisavljevic,Z"]
[Result "1-0"]
[WhiteElo "2238"]
[BlackElo "2282"]

1.c4 e5 2.g3 f5 3.Bg2 Nf6 4.Nc3 g6 5.d4 exd4 6.Qxd4 Nc6 7.Qe3+ Qe7 8.Nh3 Qxe3
9.Bxe3 Nb4 10.O-O-O c6 11.Kb1 Na6 12.Bd4 Bg7 13.e4 fxe4 14.Nxe4 O-O 15.Nd6 Ne8
16.Bxg7 Nxg7 17.Rhe1 Nc5 18.f4 a5 19.Ng5 Nge6 20.h4 h6 21.Nf3 Kg7 22.Ne5 a4
23.h5 gxh5 24.Rh1 Kh7 25.Rxh5 Ng7 26.Rh2 Rf6 27.Ng4 Rg6 28.Bf3 h5 29.f5 Rg5
30.Nf6+  1-0

[Event "EuYCh B18"]
[Site "Halkidiki GRE"]
[Date "2000.10.04"]
[Round "3"]
[White "Grigoriants,S RUS"]
[Black "Dziuba,M"]
[Result "1/2-1/2"]
[WhiteElo "2503"]
[BlackElo "2392"]

1.c4 e5 2.g3 Nc6 3.Bg2 f5 4.Nc3 Nf6 5.d3 Bb4 6.Bd2 O-O 7.e3 Bxc3 8.Bxc3 d6
9.Ne2 Qe8 10.b4 Kh8 11.Qd2 Bd7 12.b5 Nd8 13.a4 c6 14.f4 a6 15.fxe5 dxe5 16.Bb4 Rf7
17.bxa6 Rxa6 18.O-O b6 19.c5 bxc5 20.Bxc5 Be6 21.Qc3 Nb7 22.d4 Nd5 23.Bxd5 Bxd5  1/2-1/2

[Event "White Tower Open"]
[Site "Halkidiki GRE"]
[Date "2000.10.06"]
[Round "4"]
[White "Allahverdiev,A"]
[Black "Ivanov,T"]
[Result "1/2-1/2"]
[WhiteElo "2403"]
[BlackElo "2425"]

1.g3 e5 2.c4 Nf6 3.Bg2 c6 4.Nf3 d6 5.O-O Nbd7 6.Nc3 Be7 7.d3 O-O 8.Rb1 Re8
9.b4 a6 10.a4 Bf8 11.b5 axb5 12.axb5 d5 13.bxc6 bxc6 14.cxd5 cxd5 15.Ng5 Ra5
16.Bd2  1/2-1/2

[Event "FSIMB October"]
[Site "Budapest HUN"]
[Date "2000.10.08"]
[Round "2"]
[White "Lehtinen,H"]
[Black "Koster,W"]
[Result "1-0"]
[WhiteElo "2329"]
[BlackElo "2308"]

1.c4 e5 2.g3 Nf6 3.Bg2 Bc5 4.Nc3 O-O 5.e3 d6 6.Nge2 Nc6 7.O-O Bf5 8.d4 exd4
9.Nxd4 Bxd4 10.exd4 h6 11.h3 d5 12.cxd5 Nb4 13.Qf3 Bd3 14.Rd1 Bc4 15.d6 c6
16.Bf4 Nd7 17.g4 Re8 18.b3 Be6 19.Bg3 Qb6 20.Na4 Qb5 21.Qc3 Nd5 22.Qd2 a5
23.Rac1 Qa6 24.Nc5 Nxc5 25.dxc5 Nf6 26.Be5 Nd7 27.Bb2 Qa7 28.Qd4 f6 29.f4 Bf7
30.Rd2 Re6 31.Be4 Nxc5 32.Bf5 Rxd6 33.Qxd6 Ne4+ 34.Bd4 Nxd6 35.Bxa7 Nxf5
36.Bf2 Ne7 37.Rd7 Nd5 38.f5 b5 39.Ra7 Rxa7 40.Bxa7 Be8 41.Bc5 Kf7 42.Re1 Bd7
43.Kf2 g6 44.fxg6+ Kxg6 45.Kf3 f5 46.Be7 Nc3 47.Bd8 c5 48.Bxa5 b4 49.a3 Nb5
50.axb4 fxg4+ 51.hxg4 Nd4+ 52.Kf4 Nxb3 53.Re7 Ba4 54.bxc5 Nxc5 55.Bc3  1-0

[Event "Tatry Open"]
[Site "Tatranske Zruby SVK"]
[Date "2000.10.13"]
[Round "7"]
[White "Sikora Lerch,J"]
[Black "Pinc,M"]
[Result "1-0"]
[WhiteElo "2303"]
[BlackElo "2145"]

1.c4 e5 2.g3 d6 3.Nc3 Nf6 4.Bg2 g6 5.b3 Bg7 6.Bb2 O-O 7.f4 Nc6 8.Nf3 Re8
9.O-O e4 10.Ng5 Bf5 11.d3 exd3 12.exd3 h6 13.Nge4 Ng4 14.Qd2 Bd4+ 15.Kh1 Ne3
16.Rfe1 Nxg2 17.Kxg2 Nb4 18.a3 d5 19.axb4 dxe4 20.dxe4 Be6 21.f5 Bc8 22.Rad1  1-0

[Event "Belgian Interteams 2000-1"]
[Site "BEL"]
[Date "2000.10.15"]
[Round "1"]
[White "Foisor,O"]
[Black "Van Houtte,T"]
[Result "1-0"]
[WhiteElo "2404"]
[BlackElo "2229"]

1.c4 e5 2.g3 c6 3.d4 exd4 4.Qxd4 d5 5.Bg2 Be6 6.cxd5 cxd5 7.Nf3 Nf6 8.O-O Nc6
9.Qa4 Be7 10.Nc3 O-O 11.Be3 Qa5 12.Nd4 Qxa4 13.Nxa4 Nxd4 14.Bxd4 b6 15.Nc3 Rfd8
16.Rad1 Rac8 17.a3 Ne8 18.Rd2 f6 19.Rfd1 Rd7 20.Rd3 Nc7 21.Be3 Rcd8 22.Bf4 Kf8
23.Bxc7 Rxc7 24.Bxd5 Bxd5 25.Nxd5 Rc2 26.R1d2 Rxd2 27.Rxd2 f5 28.Rd3 Rc8
29.Rf3 g6 30.g4 Bd6 31.gxf5 g5 32.Rc3 Rxc3 33.Nxc3 Be5 34.h3 Ke7 35.Kg2 Kd6
36.Kf3 h5 37.Ke4 Bf6 38.f3 Kc5 39.Kd3  1-0

[Event "Tatry Open"]
[Site "Tatranske Zruby SVK"]
[Date "2000.10.15"]
[Round "9"]
[White "Sikora Lerch,J"]
[Black "Cvicela,A"]
[Result "1/2-1/2"]
[WhiteElo "2303"]
[BlackElo "2182"]

1.g3 e5 2.c4 g6 3.Nc3 Bg7 4.Bg2 Nc6 5.d3 d6 6.f4 Nf6 7.Nf3 O-O 8.O-O Bg4
9.h3 Bd7 10.Kh2 exf4 11.Bxf4 Nh5 12.Bg5 f6 13.Bd2 f5 14.Bg5 Bf6 15.Qd2 Rb8
16.Nd5 Bxg5 17.Qxg5 Nf6 18.Qh6 Ne5 19.Nxf6+ Qxf6 20.Ng5 Qg7 21.Bd5+ Kh8 22.Qxg7+ Kxg7
23.d4 c6 24.dxe5 cxd5 25.Rad1 Rfe8 26.Rxd5 Rxe5 27.Rxe5 dxe5 28.Rd1 Bc6 29.Rd6 Re8
30.b4 a6 31.b5 axb5 32.cxb5 Bxb5 33.Ne6+ Kf7 34.Nc7 Bxe2 35.Nxe8 Kxe8 36.Re6+ Kf7
37.Rxe5 Bf3 38.a4 Kf6 39.Rc5 g5 40.Kg1 f4 41.h4 fxg3 42.Rxg5 g2 43.Kf2 Bc6
44.a5 Be4 45.Ke3 Bd5 46.Kf4 Bc6 47.Rg3 Bd5 48.h5 Bc6 49.h6 Bd5 50.Ke3 Bc6
51.Rg7 Bd5 52.Kf2 Be4 53.Rg8 Ke5 54.Re8+ Kd4 55.Re7 Kd3 56.Rd7+ Kc4  1/2-1/2

[Event "1st It B"]
[Site "Salou ESP"]
[Date "2000.10.17"]
[Round "2"]
[White "Terreu Serra,F"]
[Black "Plachkinova,T"]
[Result "1/2-1/2"]
[WhiteElo "2169"]
[BlackElo "2171"]

1.c4 e5 2.g3 Nc6 3.Bg2 f5 4.Nc3 Nf6 5.e3 g6 6.d4 d6 7.Nge2 Bg7 8.dxe5 dxe5
9.Bxc6+ bxc6 10.Qxd8+ Kxd8 11.b3 Ke7 12.Ba3+ Kf7 13.Rd1 Be6 14.Nc1 Rhd8 15.Nd3 Nd7
16.e4 a5 17.f3 a4 18.Nxa4 Bxc4 19.Bb2 Bb5 20.Ndc5 Nxc5 21.Rxd8 Rxd8 22.Nxc5 Bf8
23.b4 fxe4 24.fxe4 Bxc5 25.bxc5 Ke6 26.Bc1 Rd4 27.Kf2 Rxe4 28.Be3 Ra4 29.Ra1 Ra3
30.Bc1 Rc3 31.a4 Bxa4 32.Be3 Bb5 33.Rc1 Ra3 34.Rc2 Kd5 35.Kf3 Bd3 36.Rd2 e4+
37.Kf4 Ra1 38.Kg5 Re1 39.Bf2 Rh1 40.h4 Kc4 41.Be3 Re1 42.Kf4 h6 43.Bf2 Rf1
44.Ke3 Kxc5 45.Ra2 Rb1 46.Kd2+ Kc4 47.Be3 Kb3 48.Ra8 Rb2+ 49.Kd1 Re2 50.Bxh6 c5
51.Rb8+ Kc4 52.Rc8 Kc3 53.Rxc7 c4 54.Bg7+ Kb4 55.Bd4 Rg2 56.Rb7+ Ka5 57.Rb2 Rxg3
58.Bf2 Rf3 59.Be1+ Ka4 60.Rf2 Rh3 61.Rf8 Rh2 62.Rg8 e3 63.Re8 Rh3 64.Re5 e2+
65.Kc1 c3 66.Bxc3 Kb3 67.Be1 Bc4 68.Rg5 Rd3 69.Rg3  1/2-1/2

[Event "chT-SLO"]
[Site "Bled SLO"]
[Date "2000.10.19"]
[Round "6"]
[White "Velickovic,Z"]
[Black "Sirnik,B"]
[Result "1-0"]
[WhiteElo "2342"]
[BlackElo "2164"]

1.c4 e5 2.g3 d6 3.Bg2 f5 4.Nc3 Nf6 5.Nf3 g6 6.d4 e4 7.Ng5 Bg7 8.O-O O-O 9.f3 exf3
10.exf3 h6 11.Nh3 Nh5 12.d5 a5 13.Be3 Na6 14.Qd2 g5 15.f4 g4 16.Nf2 Nc5 17.Rfe1 Bd7
18.Bxc5 dxc5 19.Nd3 Bd4+ 20.Kf1 b6 21.Ne5 Re8 22.Ne2 Bxe5 23.fxe5 Rxe5 24.Qxh6 Qe8
25.Nf4 Nxf4 26.Qxf4 Re7 27.d6 Rxe1+  1-0

[Event "1st It B"]
[Site "Salou ESP"]
[Date "2000.10.19"]
[Round "4"]
[White "Terreu Serra,F"]
[Black "Moro Adame,A"]
[Result "1/2-1/2"]
[WhiteElo "2169"]
[BlackElo "2133"]

1.c4 e5 2.g3 Nf6 3.Bg2 d5 4.cxd5 Nxd5 5.Nc3 Nb6 6.Nf3 Nc6 7.a3 Be7 8.b4 Be6
9.d3 O-O 10.O-O a5 11.b5 Nd4 12.Bb2 f6 13.Nd2 Qd7 14.Bxb7 Rab8 15.Bg2 Nxb5
16.Nxb5 Qxb5 17.Qc2 c5 18.Rab1 c4 19.dxc4 Nxc4 20.Bxe5 Qxe5 21.Nxc4 Qc5 22.Ne3 Rxb1
23.Qxb1 Qxa3 24.Be4 h6 25.Qb6 Bf7 26.Nf5 Qb4 27.Qc6 Qc5 28.Qa4 Bd8 29.Bd3 Qe5
30.Rb1 Be6 31.Rb5 Qc3 32.Qe4  1/2-1/2

[Event "ch-ARG"]
[Site "Buenos Aires ARG"]
[Date "2000.10.20"]
[Round "10"]
[White "Hoffman,A"]
[Black "Bertona,F"]
[Result "1-0"]
[WhiteElo "2491"]
[BlackElo "2405"]

1.c4 e5 2.g3 Nf6 3.Bg2 Nc6 4.a3 d5 5.cxd5 Nxd5 6.Nc3 Be6 7.Nf3 Nxc3 8.bxc3 e4
9.Ng1 Bd5 10.f3 f5 11.Qa4 Bc5 12.fxe4 fxe4 13.Bxe4 Bxg1 14.Rxg1 O-O 15.Bb2 Re8
16.Bc2 Qe7 17.e3 Ne5 18.O-O-O Bc4 19.Bb3 Qe6 20.Bxc4 Nxc4 21.Rgf1 Rad8 22.Rf4 Ne5
23.d4 b5 24.Qc2 Nc4 25.Re1 c5 26.Qf5 cxd4 27.Qxe6+ Rxe6 28.cxd4 Rxe3 29.Rxe3 Nxe3
30.Re4 Nd5 31.Re5 Kf7 32.Kd2 a6 33.Kd3 Rd7 34.Bc1 h6 35.Bd2 Rd8 36.g4 Nf6
37.h3 Rd5 38.Re1 Ng8 39.Bf4 Ne7 40.Rc1 h5 41.Ke4 Ke6 42.Rc7 Rd7 43.Rxd7 Kxd7
44.gxh5 Ke6 45.Be5 Kf7 46.d5 Nc8 47.Bc7 Ke7 48.Kf5 Nd6+ 49.Kg6 Ne8 50.Ba5 Kd6
51.Kf7  1-0

[Event "IV Copa Itau"]
[Site "Sao Paulo BRA"]
[Date "2000.10.20"]
[Round "5"]
[White "Braga,C"]
[Black "Leal,P BRA"]
[Result "1-0"]
[WhiteElo "2426"]
[BlackElo "2265"]

1.g3 e5 2.c4 f5 3.Bg2 Nf6 4.Nc3 c6 5.d3 Na6 6.Nf3 d6 7.O-O Be7 8.Rb1 Nc7
9.b4 O-O 10.b5 c5 11.b6 axb6 12.Rxb6 Ncd5 13.Nxd5 Nxd5 14.Rb3 Nb4 15.a3 Nc6
16.e3 g5 17.Nd2 Kg7 18.Nb1 h5 19.Qxh5 Rh8 20.Qe2 Na5 21.Rb2 Qg8 22.Bd5 Be6
23.Nc3 Rh6 24.f4 Qh7 25.Bxe6 Rxe6 26.Nd5 Bd8 27.fxg5 Kg6 28.e4  1-0

[Event "Tch-AUT 2000-01"]
[Site "Maierhofen/Zillertal AUT"]
[Date "2000.10.22"]
[Round "2"]
[White "Hangweyrer,M"]
[Black "Baumegger,S"]
[Result "0-1"]
[WhiteElo "2341"]
[BlackElo "2393"]

1.c4 e5 2.g3 Nc6 3.Bg2 g6 4.Nc3 Bg7 5.Nf3 d6 6.O-O Nh6 7.d3 O-O 8.Rb1 a5
9.a3 Nd4 10.b4 axb4 11.axb4 Rb8 12.b5 Nxf3+ 13.Bxf3 Bh3 14.Re1 f5 15.Qb3 Kh8
16.Nd5 f4 17.Bb2 Ng4 18.Qd1 c6 19.Nc3 Qb6 20.d4 exd4 21.Na4 Qa7 22.b6 Qa5
23.Bxd4 Ne5 24.Nc3 Rbe8 25.Ne4 fxg3 26.hxg3 Nxc4 27.Bxg7+ Kxg7 28.Qd4+ Qe5
29.Qxc4 d5 30.Qb4 dxe4 31.Bg2 Bxg2 32.Kxg2 h5 33.Rbd1 Rf7 34.Qd4 Qxd4 35.Rxd4 Kf6
36.Ra1 Re5 37.Rb1 Rfe7 38.Rd8 Rd5 39.Rb8 Rd2 40.e3 Ke5 41.Rg8 Rf7 42.Rf1 Kf5
43.g4+ hxg4 44.Kg3 Kg5 45.Re8 Rf3+ 46.Kg2 Rb2 47.Re5+ Rf5 48.Rxe4 Rxb6  0-1

[Event "Chigorin Mem"]
[Site "St Petersburg RUS"]
[Date "2000.11.05"]
[Round "5"]
[White "Vaulin,A"]
[Black "Drozdovskij,Y"]
[Result "0-1"]
[WhiteElo "2552"]
[BlackElo "2421"]

1.c4 e5 2.g3 g6 3.d4 exd4 4.Qxd4 Nf6 5.Nc3 Bg7 6.Qe5+ Kf8 7.Bg2 Nc6 8.Qf4 d6
9.Nf3 Be6 10.Ng5 Bd7 11.O-O h6 12.Nge4 Nh5 13.Qe3 f5 14.Nd2 Nf6 15.Qd3 Kf7
16.b3 Nb4 17.Qb1 Bc6 18.Bxc6 Nxc6 19.Bb2 Re8 20.Qd3 Qd7 21.Rfd1 Rad8 22.Nf3 Ne4
23.Qd5+ Kf8 24.Rac1 Nxc3 25.Bxc3 Bxc3 26.Rxc3 Rxe2 27.c5 Qg7 28.Rcc1 Qe7
29.cxd6 Rxd6 30.Qb5 Qe4 31.Rxd6 Qxf3 32.Qxe2 Qxe2 33.Rd7 Qxa2 34.Rxc7 Qxb3
35.Re1  0-1

[Event "FSIM November"]
[Site "Budapest HUN"]
[Date "2000.11.12"]
[Round "9"]
[White "Nemeth,Z"]
[Black "Jamrich,G"]
[Result "0-1"]
[WhiteElo "2308"]
[BlackElo "2225"]

1.g3 e5 2.c4 d5 3.cxd5 Qxd5 4.Nf3 Nf6 5.Nc3 Qa5 6.Bg2 e4 7.Nd4 Qe5 8.Nb3 Bb4
9.O-O O-O 10.d4 exd3 11.Qxd3 c6 12.Bd2 Nbd7 13.a3 Be7 14.e4 Qh5 15.Qe2 Ne5
16.Qxh5 Nxh5 17.f4 Nc4 18.Bc1 a5 19.Re1 a4 20.Bf1 Nxa3 21.bxa3 axb3 22.Bc4 Bc5+
23.Kg2 Bd4 24.Bb2 Be6 25.Be2 Nf6 26.f5 Bxc3 27.Bxc3 Nxe4 28.Bb4 Bd5 29.Bxf8 Nc3+
30.Bf3 Bxf3+ 31.Kxf3 Kxf8 32.Rac1 Nd5 33.Ra1 b2 34.Rab1 Rxa3+ 35.Kg2 Ne3+
36.Kh3 Nc4 37.Rbd1 Re3 38.Rxe3 Nxe3 39.Rb1 Nc4 40.Kg2 Ke7 41.Kf2 Kf6 42.Ke2 Kxf5
43.Kd3 b5 44.Rf1+ Ke5 45.Re1+ Kd5 46.Kc2 b4 47.Re8 b3+ 48.Kb1 Kd4 49.Rc8 c5
50.g4 f6 51.h4 g6 52.h5 Kc3 53.Rxc5 gxh5 54.gxh5 h6  0-1